Normal view
MARC view
Entry Topical Term
001 - CONTROL NUMBER
- control field: 14493
003 - CONTROL NUMBER IDENTIFIER
- control field: BD-RjUL
005 - DATE AND TIME OF LATEST TRANSACTION
- control field: 20241201145521.0
008 - FIXED-LENGTH DATA ELEMENTS
- fixed length control field: 241201|| aca||aabn | a|a d
040 ## - CATALOGING SOURCE
- Original cataloging agency: BD-RjUL
- Transcribing agency: BD-RjUL
150 ## - HEADING--TOPICAL TERM
- Topical term or geographic name entry element: Man-woman relationships Fiction
670 ## - SOURCE DATA FOUND
- Source citation: Work cat.: (BD-RjUL)84397: Bromfield, Louis, 1896-1956. 14491, Night in Bombay /, 1950, [reprinted 1959]